The theory of integration /
Guardado en:
| Autor Principal: | |
|---|---|
| Formato: | Libro |
| Idioma: | English |
| Publicado: |
New York :
Stechert-Hafner Service Agency,
1964.
|
| Series: | Cambridge tracts in mathematics and mathematical physics ;
no. 21 |
| Materias: | |
| Etiquetas: |
Agregar Etiqueta
Sin Etiquetas, Sea el primero en etiquetar este registro!
|
| LEADER | 00738cam a22002055a 4500 | ||
|---|---|---|---|
| 001 | MAT.inmabb005233 | ||
| 008 | 720229r19641927nyua##########001#0#eng## | ||
| 005 | 20170823160545.0 | ||
| 245 | 1 | 4 | |a The theory of integration / |c by L. C. Young. |
| 260 | |a New York : |b Stechert-Hafner Service Agency, |c 1964. | ||
| 300 | |a vii, 52 p. : |b il. ; |c 22 cm. | ||
| 440 | 0 | |a Cambridge tracts in mathematics and mathematical physics ; |v no. 21 | |
| 500 | |a "Originally published in 1927 by Cambridge University Press." | ||
| 510 | 4 | |a MR, |c 32 #188 | |
| 100 | 1 | |a Young, L. C. |q (Laurence Chisholm), |d 1905- | |
| 084 | |a 28.00 |2 MR | ||
| 650 | 0 | |a Calculus, Integral. | |
| 010 | |a 64020386 | ||
| 040 | |a DLC |c OGK |d OCoLC |d Uk |d DLC | ||
| 859 | |h 28 |i Y68 |p A-2740 |b BIB. MATEMATICA | ||
